1066 1500 1776 1775 1549 1886 1521 1584 1910 1660 1577 1077 1453 1828 1185 1480 1476 1079 1826 1241 1724 1611 1699 1582 1106 1868 1042 1149 1827 1134 1652 1264 1596 1380 1197 1797 1748 1167 1601 1055 1992 1391 1869 1530 1517 1708 1280 1296 1316 1297 1297 1434 1501 1492 1351 1811 1470 1376 1741 1034 1571 1426 1715 1727 1398 1543 1118 1742 1579 1722 1781 1271 1734 1590 1554 1733 1366 1977 1882 1110 1728 1976 1632 1466 1951 1140 1721 1982 1059 1929 1196 1739 1820 1643 1418 1981 1408 1993 1674 BCNSPRNW ULIB Ver.6.0+V

เปลี่ยนเป็นภาษาไทย

Change to English
 แสดงรายละเอียดบรรณานุกรม
  กลับหน้าหลัก

Brief Record : Get Marc (ISO 2709) : E-mail record : QR code < ปิดหน้าต่าง
LEADER : 00000nam 2200000uu 4500
001    13399125976
003     ULIB
008    171124s2557||||th 000 0 tha d
020 97 ^a9789740332879
050 PE ^aPE1068.T35 ^bธ743ก
100 ธู ^aธูปทอง กว้างสวาสดิ์
245 กา ^aการสอนภาษาอังกฤษด้วยเทคโนโลยี /^cธูปทอง กว้างสวาสดิ์
260 กร ^aกรุงเทพฯ : ^bสำนักพิมพ์แห่งจุฬาลงกรณ์มหาวิทยาลัย, ^c2557.
300 27 ^a271 หน้า : ^bภาพประกอบ; ^c26 ซม.
650 ภา ^aภาษาอังกฤษ ^xการศึกษาและการสอน
650  0 ^aภาษาอังกฤษ ^xการสอนด้วยสื่อ
945    ^p240^l0^i25708
999    ^aกัณชพร จุลอักษร
รายการนี้ยังไม่มีแท็ก
คุณยังไม่ได้ล็อกอิน คุณสามารถมีกิจกรรมร่วมกับเว็บไซต์ได้ แต่ต้องล็อกอินก่อน ::
  ล็อกอิน

รายการสื่อสารสนเทศ

ลำดับที่ ประเภท เลขเรียก/บาร์โค้ด สถานที่ สถานะ
1. วิทยาศาสตร์การแพทย์ และสุขภาพ
วิทยาศาสตร์การแพทย์ และสุขภาพ
PE1068.T35 ธ743ก ฉ.1 
  Barcode: 25708
ห้องสมุดวิทยาเขตนครสวรรค์
►หนังสือทั่วไป:l:General Books
บนชั้น

รายการใกล้เคียง
    ผู้แต่ง [ธูปทอง กว้างสวาสดิ์]

    หัวเรื่อง [ภาษาอังกฤษ การสอนด้วยสื่อ]

BibComment


ยังไม่เคยถูกคอมเมนท์

คอมเมนท์ทรัพยากรรายการนี้
  คอมเมนท์: การสอนภาษาอังกฤษ..


 Copyright 2026. Bcnsprnw @Library